Подробности
| 000 -МАРКЕР |
| контрольное поле |
01349nam0a22002891 4500 |
| 001 - ИДЕНТИФИКАТОР ЗАПИСИ |
| контрольное поле |
RU\NLR\INFOCOMM_161\5000043644 |
| 005 - ИДЕНТИФИКАТОР ВЕРСИИ |
| контрольное поле |
20250613091737.0 |
| 035 ## - ДРУГИЕ СИСТЕМНЫЕ НОМЕРА |
| Идентификатор записи |
(NLR Aleph) 009129079 |
| 100 ## - ДАННЫЕ ОБЩЕЙ ОБРАБОТКИ |
| Данные общей обработки |
20090531d1989 |||y0rusy50 ca |
| 101 1# - ЯЗЫК РЕСУРСА |
| Язык текста, звукозаписи и т.д. |
немецкий |
| Язык оригинала |
русский |
| 102 ## - СТРАНА ПУБЛИКАЦИИ ИЛИ ПРОИЗВОДСТВА |
| Страна публикации |
российская федерация |
| 105 ## - ПОЛЕ КОДИРОВАННЫХ ДАННЫХ: ТЕКСТОВЫЕ МАТЕРИАЛЫ, МОНОГРАФИЧЕСКИЕ |
| Кодированные данные о монографическом текстовом документе |
a ||||000|y |
| 200 1# - ЗАГЛАВИЕ И СВЕДЕНИЯ ОБ ОТВЕТСТВЕННОСТИ |
| Основное заглавие |
Dmitri Bisti |
| Сведения, относящиеся к заглавию |
Katalog der Ausst. |
| Первые сведения об ответственности |
[Verf. des Art. u. des Katalogs: E. Butorina |
| Последующие сведения об ответственности |
Übers. ins Dt. L. Rushawina] |
| -- |
Künstlerverband der UdSSR, Galerie Zentralbuchhandlung, Wien |
| -- |
Unter dem Ehrenschutz der Botschaft der UdSSR in Österreich |
| 210 ## - ПУБЛИКАЦИЯ, РАСПРОСТРАНЕНИЕ И ДР. |
| Место издания, распространения и т.д. |
Μ. |
| Имя издателя, распространителя и т. д. |
Sowjetskij chudoshnik |
| Дата издания, распространения и т.д. |
1989 |
| 215 ## - ФИЗИЧЕСКАЯ ХАРАКТЕРИСТИКА |
| Специфическое обозначение материала и объем |
25 с. |
| Другие сведения о физической характеристике |
ил., факс., портр. |
| Размеры |
29 см |
| 300 ## - ОБЩИЕ ПРИМЕЧАНИЯ |
| Текст примечания |
В вып. дан.: Дмитрий Бисти: Каталог / Авт. статьи и сост. каталога: Евгения Иннокентьевна Буторина |
| 600 #1 - ИМЯ ЛИЦА КАК ПРЕДМЕТ |
| Начальный элемент ввода |
Бисти |
| Часть имени, кроме начального элемента ввода |
Д. С. |
| Даты |
1925- |
| Расширение инициалов личного имени |
Дмитрий Спиридонович |
| Тематический подзаголовок |
Выставки |
| Географический подзаголовок |
Вена |
| Хронологический подзаголовок |
1989 |
| Код системы |
nlr_sh1 |
| 686 ## - ИНДЕКСЫ ДРУГИХ КЛАССИФИКАЦИЙ |
| Индекс |
Щ153(2р=р)7-8Бисти |
| Код системы |
|
| 702 #1 - ИМЯ ЛИЦА - ВТОРИЧНАЯ ОТВЕТСТВЕННОСТЬ |
| Начальный элемент ввода |
Butorina |
| Часть имени, кроме начального элемента ввода |
E. I. |
| Расширение инициалов личного имени |
Evgenija Innokent'evna |
| Код отношения |
Составитель |
| 702 #1 - ИМЯ ЛИЦА - ВТОРИЧНАЯ ОТВЕТСТВЕННОСТЬ |
| Системный номер авторитетной/нормативной записи |
z01790 |
| Начальный элемент ввода |
Bisti |
| Часть имени, кроме начального элемента ввода |
D. S. |
| Даты |
1925- |
| Расширение инициалов личного имени |
Dmitrij Spiridonovič |
| Код отношения |
Прочие |
| 790 #1 - ИМЯ ЛИЦА - АЛЬТЕРНАТИВНАЯ ФОРМА |
| Системный номер авторитетной/нормативной записи |
z01702 |
| Начальный элемент ввода |
Bisti |
| Часть имени, кроме начального элемента ввода |
D. |
| Расширение инициалов личного имени |
Dmitri |
| Код отношения |
Автор идеи, слогана |
| 801 #1 - ИСТОЧНИК ЗАПИСИ |
| Страна |
российская федерация |
| Организация |
NLR |
| Дата составления |
20090531 |
| 801 #0 - ИСТОЧНИК ЗАПИСИ |
| Страна |
российская федерация |
| Организация |
NLR |
| Правила каталогизации |
PSBO |
| 852 ## - МЕСТОНАХОЖДЕНИЕ И ШИФР ХРАНЕНИЯ |
| Идентификатор организации |
NLR |
| Шифр хранения (Call Number) |
Э КП/Б658 |
| 942 ## - ДОПОЛНИТЕЛЬНЫЕ ЭЛЕМЕНТЫ ЗАПИСИ (АБИС) |
| Тип экземпляра АБИС |
Книга |
| 980 ## - КОЛЛЕКЦИЯ |
| Название коллекции |
Национальная библиография |